Culture générale par lettre - L. - Statistiques

Statistiques générales
  • Ce quiz a été pris 5 845 fois
  • Le résultat moyen est 12 sur 15
Statistiques - réponses
Questions Réponses % Correct
Célèbre musée située dans le 1er arrondissement de Paris. Le Louvre
99%
Partie du corps dotée de papilles gustatives. Langue
95%
Marque de vêtements américaine connue mondialement pour ses blue-jeans, dont le 501. Levi's Strauss
95%
Peut être de vue, astronomique ou de toilette. Lunette
92%
Chanteuse et actrice Française, ayant jouée le rôle de Paula dans "La famille Bélier". Louane
89%
Sport qui peut être de Javelots, de disques ou de poids. Le lancer
88%
Sa capitale est Riga. Lettonie
87%
Marque automobile prestigieuse avec un taureau sur son logo, commercialisant des modèles comme la "Gallardo" ou "l'Urus". Lamborghini
80%
Ville en Californie du Sud, au cœur de l'industrie cinématographique et télévisuelle, ou se trouve le panneau Hollywood. Los Angeles
79%
Prénom et nom de la célèbre héroïne du jeu vidéo "Tomb Raider". Lara Croft.
78%
Félins reconnaissables à leur face ornée de favoris, à leurs oreilles triangulaires surmontées d'une touffe de poils noirs, et à leur corps doté d'une courte queue et de longues pattes. Lynx
77%
Œuvre littéraire écrite en 1943 par Antoine de Saint Exupéry. Le petit prince.
72%
Nom du gardien de l'équipe de France de Football lors de la final du mondial 2018. Lloris
69%
Titre d'un film de Luc Besson avec Jean Reno et Nathalie Portman. Léon
62%
Métier d'Eric et Ramzy dans le film 'La tour Montparnasse Infernale". Laveurs de carreaux
38%
Aucun quiz correspondant
Distribution des résultats
% des personnes avec chaque résultat
Percentile par nombre de réponses
Votre historique - résultats
Vous n’avez pas pris ce quiz